[Event "PRO League Group Stage"]
[Site "chess.com INT"]
[Date "2019.01.23"]
[Round "3"]
[White "Wheeler, Cameron"]
[Black "Zhao, Jun"]
[Result "0-1"]
[WhiteTitle "IM"]
[BlackTitle "GM"]
[WhiteElo "2417"]
[BlackElo "2610"]
[WhiteTeam "Dallas Destiny"]
[BlackTeam "Chengdu Pandas"]
[WhiteFideId "2060531"]
[BlackFideId "8602522"]
[EventDate "2019.01.08"]

1. Nf3 Nf6 2. c4 g6 3. Nc3 Bg7 4. g3 O-O 5. Bg2 Nc6 6. d4 d6 7. O-O Bf5 8. d5
Na5 9. Nd2 c5 10. e4 Bd7 11. Qc2 a6 12. b3 b5 13. Bb2 Rb8 14. Rab1 e5 15. dxe6
Bxe6 16. Nd5 Nc6 17. Rbd1 Nd4 18. Bxd4 cxd4 19. Nf3 Nxd5 20. exd5 Bf5 21. Qd2
bxc4 22. bxc4 d3 23. Nh4 Rb2 24. Qf4 Bc8 25. Nf3 Qf6 26. Qxf6 Bxf6 27. Rxd3 Rxa2
28. Re1 a5 29. Rb3 Bg4 30. h3 a4 31. Rb7 Bxf3 32. Bxf3 Bd4 33. Ree7 Rxf2 34. Be4
a3 0-1

[Event "PRO League Group Stage"]
[Site "chess.com INT"]
[Date "2019.01.23"]
[Round "3"]
[White "Flores Rios, Mauricio"]
[Black "Dreev, Aleksey"]
[Result "1/2-1/2"]
[WhiteTitle "GM"]
[BlackTitle "GM"]
[WhiteElo "2529"]
[BlackElo "2670"]
[WhiteTeam "Minnesota Blizzard"]
[BlackTeam "San Diego Surfers"]
[WhiteFideId "3408027"]
[BlackFideId "4100107"]
[EventDate "2019.01.08"]

1. d4 d5 2. c4 e6 3. Nf3 c6 4. g3 f5 5. Bg2 Nf6 6. O-O Bd6 7. b3 Qe7 8. Bb2 b6
9. Qc1 Bb7 10. Ba3 Nbd7 11. Bxd6 Qxd6 12. Qa3 Qxa3 13. Nxa3 Ke7 14. Rac1 a5 15.
Rc2 Ba6 16. Rfc1 b5 17. cxd5 cxd5 18. Ne5 b4 19. Nb1 Nxe5 20. dxe5 Nd7 21. f4
Rhc8 22. Kf2 Rxc2 23. Rxc2 g5 24. Nd2 g4 25. Nf1 Rc8 26. Rxc8 Bxc8 27. Ne3 Nc5
28. Nc2 Ba6 29. Nd4 Kd7 30. Ke3 h5 31. Kd2 Kc7 32. Kc2 Kb6 33. Kd2 Bc8 34. Nc2
Bd7 35. Ke3 Bb5 36. Kd2 Bd7 37. Ke3 Na6 38. Nd4 Kc5 39. h3 Nc7 40. h4 a4 41. Kd3
Bb5+ 42. Ke3 Bd7 43. Kd3 a3 44. e3 Bb5+ 45. Kd2 Ba6 46. Kc2 Bb5 47. Kd2 Ba6 48.
Kc2 Bb5 49. Kd2 1/2-1/2

[Event "PRO League Group Stage"]
[Site "chess.com INT"]
[Date "2019.01.23"]
[Round "3"]
[White "Corrales Jimenez, Fidel"]
[Black "Bryant, John Daniel"]
[Result "1/2-1/2"]
[WhiteTitle "GM"]
[BlackTitle "IM"]
[WhiteElo "2559"]
[BlackElo "2449"]
[WhiteTeam "Minnesota Blizzard"]
[BlackTeam "San Diego Surfers"]
[WhiteFideId "3506690"]
[BlackFideId "2031280"]
[EventDate "2019.01.08"]

1. e4 g6 2. d4 Bg7 3. Nc3 d6 4. f4 Nf6 5. Nf3 c5 6. Bb5+ Bd7 7. Bxd7+ Nfxd7 8.
d5 O-O 9. O-O Na6 10. f5 Nc7 11. Qe1 e6 12. dxe6 fxe6 13. fxg6 hxg6 14. Bg5 Qe8
15. Qh4 Rf7 16. Bf4 e5 17. Be3 Ne6 18. Rad1 Nd4 19. Ng5 Bf6 20. Nd5 Bxg5 21.
Bxg5 Rh7 22. Qg4 Qe6 23. Qxe6+ Nxe6 24. Ne7+ Kg7 25. Rxd6 Nxg5 26. Rxd7 Kh6 27.
Rf6 Kh5 28. Rxg6 Re8 29. g4+ Kxg4 30. Rd3 Rexe7 31. Rg3+ Kf4 32. R6xg5 Kxe4 33.
R5g4+ Kd5 34. c4+ Kc6 35. Rg6+ Kc7 36. h3 Rh4 37. R6g4 Rh8 38. Kf2 Rd8 39. Ke3
b5 40. Rg7 Rxg7 41. Rxg7+ Kb6 42. cxb5 Rd4 43. Re7 Rh4 44. b3 Kxb5 45. Rxa7 c4
46. bxc4+ Kb6 47. Ra4 Rxh3+ 48. Ke4 Kc5 49. Ra8 Kxc4 50. Kxe5 Kb5 51. a4+ Kb6
52. Rg8 Ra3 53. Kd5 Rxa4 54. Rb8+ Kc7 55. Rb5 1/2-1/2

[Event "PRO League Group Stage"]
[Site "chess.com INT"]
[Date "2019.01.23"]
[Round "3"]
[White "Sheng, Joshua"]
[Black "Nagle, Sean"]
[Result "1/2-1/2"]
[WhiteTitle "IM"]
[BlackTitle "IM"]
[WhiteElo "2451"]
[BlackElo "2432"]
[WhiteTeam "San Diego Surfers"]
[BlackTeam "Minnesota Blizzard"]
[WhiteFideId "2057360"]
[BlackFideId "2013878"]
[EventDate "2019.01.08"]

1. e4 g6 2. d4 Bg7 3. Nf3 d6 4. Bc4 e6 5. O-O Ne7 6. c3 b6 7. Re1 Bb7 8. Nbd2
Nd7 9. Nf1 Nf6 10. Bb5+ c6 11. Bd3 O-O 12. Ng3 Qc7 13. Bf4 Nd7 14. Qd2 e5 15.
Bh6 c5 16. dxe5 Nxe5 17. Nxe5 dxe5 18. Bc4 a6 19. a4 Qc6 20. Bxg7 Kxg7 21. Qg5
f6 22. Qh4 Rad8 23. f4 exf4 24. Qxf4 Qd6 25. e5 fxe5 26. Qg5 Nf5 27. Rf1 Nxg3
28. hxg3 h6 29. Qh4 Rxf1+ 30. Rxf1 Rf8 31. Rxf8 Qxf8 32. Qg4 Qf5 33. Qe2 a5 34.
Bd3 Qe6 35. Be4 Bxe4 36. Qxe4 Qd6 37. Kh2 h5 38. Qb7+ Kh6 39. Qf7 e4 40. Qe8 Qd3
41. Qf8+ Kh7 42. Qf7+ Kh6 43. Qf8+ Kh7 44. Qf7+ Kh6 45. Qf8+ Kh7 46. Qf7+ 1/2-1/2

[Event "PRO League Group Stage"]
[Site "chess.com INT"]
[Date "2019.01.23"]
[Round "3"]
[White "Hilby, Craig"]
[Black "Tang, Andrew"]
[Result "1/2-1/2"]
[WhiteTitle "IM"]
[BlackTitle "GM"]
[WhiteElo "2445"]
[BlackElo "2487"]
[WhiteTeam "San Diego Surfers"]
[BlackTeam "Minnesota Blizzard"]
[WhiteFideId "2062674"]
[BlackFideId "2059630"]
[EventDate "2019.01.08"]

1. e4 e5 2. Nf3 Nc6 3. Nc3 Nf6 4. Bb5 Bb4 5. O-O O-O 6. Bxc6 dxc6 7. Nxe5 Re8 8.
Nd3 Bxc3 9. dxc3 Nxe4 10. Qf3 Qf6 11. Qxf6 Nxf6 12. Bf4 Bf5 13. Rfe1 Rxe1+ 14.
Rxe1 Re8 1/2-1/2

[Event "PRO League Group Stage"]
[Site "chess.com INT"]
[Date "2019.01.23"]
[Round "3"]
[White "Safarli, Eltaj"]
[Black "Cheng, Bobby"]
[Result "1-0"]
[WhiteTitle "GM"]
[BlackTitle "IM"]
[WhiteElo "2681"]
[BlackElo "2520"]
[WhiteTeam "San Jose Hackers"]
[BlackTeam "Australia Kangaroos"]
[WhiteFideId "13402129"]
[BlackFideId "4300033"]
[EventDate "2019.01.08"]

1. e4 e6 2. d4 d5 3. Nd2 Be7 4. Ngf3 Nf6 5. Bd3 c5 6. c3 cxd4 7. cxd4 dxe4 8.
Nxe4 Nc6 9. O-O O-O 10. Nc3 b6 11. Bg5 Bb7 12. Rc1 h6 13. Bf4 Bd6 14. Be3 Rc8
15. a3 Ne7 16. Ne5 Ned5 17. Bd2 Nxc3 18. Bxc3 Ne4 19. Bxe4 Bxe4 20. Re1 Bb7 21.
Re3 Bxe5 22. dxe5 Qxd1+ 23. Rxd1 Rfd8 24. Red3 Rxd3 25. Rxd3 Bd5 26. f3 Kf8 27.
Kf2 Ke7 28. h4 f5 29. exf6+ gxf6 30. h5 Kf7 31. g4 Rc7 32. Kg3 Rd7 33. Bd2 Kg7
34. Be3 Bc6 35. Rc3 Bb5 36. Kf2 e5 37. Rc8 Ba6 38. Ra8 Rc7 39. a4 Bc4 40. b4 Bd5
41. Rd8 Be6 42. Rd6 Bc8 43. b5 e4 44. Bd4 Rf7 45. Ke3 exf3 46. Kxf3 Bb7+ 47. Kf4
Bc8 48. Bc3 Bb7 49. a5 bxa5 50. Bxa5 Kh7 51. Bc3 Kg7 52. Bd4 Bc8 53. Kg3 Bd7 54.
Bxf6+ Kh7 55. Bd4 Bxb5 56. Be3 Kg8 57. Bxh6 a5 58. g5 Rd7 59. Rb6 Bc4 60. g6 Rd8
61. Bg5 Ra8 62. h6 Bd3 63. h7+ Kg7 64. Bf6+ Kxg6 65. h8=Q Rxh8 66. Bxh8+ Kf5 67.
Kf3 a4 68. Ke3 Bc2 69. Bb2 Bb3 70. Rb5+ Ke6 71. Kd4 Kf6 72. Ke4+ Ke6 73. Rb6+
Ke7 74. Ba3+ Kf7 75. Kf5 Bc2+ 76. Kg5 Bb3 77. Rf6+ Ke8 78. Kf5 Kd7 79. Ke5 Ba2
80. Rd6+ Kc7 81. Kd4 Bb3 82. Kc5 Kb7 83. Rd7+ Kc8 84. Rg7 Kd8 85. Kd6 Ke8 86.
Re7+ Kf8 87. Ke5 Kg8 88. Kf6 Ba2 89. Rg7+ Kh8 90. Kg6 Bb3 91. Kh6 1-0

[Event "PRO League Group Stage"]
[Site "chess.com INT"]
[Date "2019.01.23"]
[Round "3"]
[White "Izoria, Zviad"]
[Black "Song, Raymond"]
[Result "0-1"]
[WhiteTitle "GM"]
[BlackTitle "FM"]
[WhiteElo "2603"]
[BlackElo "2329"]
[WhiteTeam "San Jose Hackers"]
[BlackTeam "Australia Kangaroos"]
[WhiteFideId "13601733"]
[BlackFideId "3203824"]
[EventDate "2019.01.08"]

1. c4 Nf6 2. Nc3 e6 3. d4 Bb4 4. Nf3 O-O 5. e3 d5 6. Bd3 dxc4 7. Bxc4 c5 8. O-O
cxd4 9. exd4 b6 10. Re1 Bb7 11. Bd3 h6 12. a3 Be7 13. Bf4 Nc6 14. Qd2 Re8 15.
Rad1 Bf8 16. Bb1 Nd5 17. Nxd5 Qxd5 18. Qd3 g6 19. Qe3 g5 20. Bxg5 hxg5 21. Be4
Qd7 22. d5 exd5 23. Qxg5+ Bg7 24. Rxd5 Qc7 25. Qf5 Rxe4 26. Rxe4 Ne7 27. Rxe7
Qxe7 28. Re5 Bxe5 29. Nxe5 Re8 30. f4 Bc8 31. Qh5 Qf6 0-1

[Event "PRO League Group Stage"]
[Site "chess.com INT"]
[Date "2019.01.23"]
[Round "3"]
[White "Sarana, Alexey"]
[Black "Chirila, Ioan-Cristian"]
[Result "1-0"]
[WhiteTitle "GM"]
[BlackTitle "GM"]
[WhiteElo "2630"]
[BlackElo "2566"]
[WhiteTeam "Australia Kangaroos"]
[BlackTeam "San Jose Hackers"]
[WhiteFideId "24133795"]
[BlackFideId "1211668"]
[EventDate "2019.01.08"]

1. d4 Nf6 2. c4 g6 3. Nc3 d5 4. Bg5 Ne4 5. Bf4 Nxc3 6. bxc3 Bg7 7. e3 c5 8. Nf3
O-O 9. cxd5 cxd4 10. cxd4 Qxd5 11. Be2 Qa5+ 12. Nd2 e5 13. Bxe5 Bxe5 14. dxe5
Rd8 15. Qc2 Bf5 16. Qb2 Nc6 17. Rd1 Qxe5 18. Qxb7 Qc3 19. Qb3 Qa5 20. Qb5 Qxb5
21. Bxb5 Nb4 22. Nb3 a6 23. Be2 Rxd1+ 24. Bxd1 Nxa2 25. Kd2 Rb8 26. f3 a5 27. e4
Be6 28. Nd4 Rb2+ 29. Bc2 a4 30. Rb1 Rxb1 31. Bxb1 Bc4 32. Bxa2 Bxa2 33. Kc3 Kg7
34. Kb4 Kf6 35. f4 Bb1 36. e5+ Ke7 37. Kxa4 f6 38. Kb3 g5 39. g3 gxf4 40. gxf4
fxe5 41. fxe5 Be4 42. Kc3 Bb1 43. Kd2 Kf7 44. Ke3 Ke7 45. Kf4 Bd3 46. Nf3 Ke6
47. Ng5+ Kd5 48. Nf7 Ke6 49. Nd6 Kd5 50. Nf5 Ke6 51. Ng7+ Kd5 52. Nh5 Bg6 53.
Nf6+ Ke6 54. Ne4 Kd5 55. Nf2 Bb1 56. Ng4 Ke6 57. Nf2 Bc2 58. Ne4 Bb1 59. Nc5+
Kd5 60. Nd7 Bc2 61. Nb6+ Ke6 62. Nc4 Bb1 63. h4 Bd3 64. Nd2 Bc2 65. Nf3 Bb1 66.
Nh2 Bc2 67. Ng4 Bb1 68. Ne3 Bd3 69. Nd1 Bc2 70. Nc3 Bd3 71. Ne4 Bb1 72. Nf6 Bc2
73. Ng8 Bb1 74. Nh6 Bc2 75. Ng4 Bb1 76. Ne3 Bd3 77. Nd1 Bc2 78. Nb2 Bb1 79. Na4
Bc2 80. Nc5+ Kd5 81. Na6 Ke6 82. Nc7+ Kd7 83. Nb5 Bb1 84. Nd4 Ke7 85. Kg5 Bd3
86. Kh6 Kf7 87. Nb3 Bc2 88. Nc5 Bb1 89. Kg5 Bc2 90. Kf4 Ke7 91. Ke3 Bb1 92. Kd4
Kf7 93. Kd5 Ba2+ 94. Ke4 Bb1+ 95. Kf4 Ke7 96. Kg5 Bc2 97. Kh6 Kf7 98. Kh5 Bd1+
99. Kg5 Bc2 100. Kf4 Bb1 101. Nb3 Ke6 102. Nd4+ Kd5 103. Nf5 Ke6 104. Ne3 Bd3
105. Nd1 Bc2 106. Nc3 Bd3 107. Na4 Bc2 108. Nc5+ Kd5 109. Na6 Ke6 110. Nc7+ Kd7
111. Nb5 Bd3 112. Nd4 Ke7 113. Ke3 Bb1 114. Kf3 Bd3 115. Kg4 Bb1 116. Kg5 Kf7
117. h5 Bd3 118. Kh6 Bb1 119. Kg5 Bd3 120. Kf4 Bb1 121. Nf3 Ke6 122. Ng5+ Kd5
123. Nf7 Ke6 124. Nd6 Kd5 125. Nb5 Ke6 126. Nc3 Bd3 127. Na4 Bc2 128. Nc5+ Kd5
129. Na6 Ke6 130. Nc7+ Kd7 131. Nb5 Bd3 132. Nd4 Ke7 133. Kg5 Bb1 134. Kg4 Bd3
135. Kf3 Bb1 136. Ke3 Kf7 137. Nb3 Ke6 138. Kf4 Kd5 139. Nd2 Bc2 140. Nf1 Bb1
141. Nh2 Bc2 142. Ng4 Bb1 143. Kg5 Ke6 144. Kf4 Kd5 145. Nf6+ Ke6 146. Ne4 Bc2
147. Nc3 Bd3 148. Ke3 Bc2 149. Kd4 Bf5 150. Nd5 1-0

[Event "PRO League Group Stage"]
[Site "chess.com INT"]
[Date "2019.01.23"]
[Round "3"]
[White "Smirnov, Anton"]
[Black "Ravuri, Vinesh"]
[Result "1-0"]
[WhiteTitle "GM"]
[WhiteElo "2569"]
[BlackElo "2042"]
[WhiteTeam "Australia Kangaroos"]
[BlackTeam "San Jose Hackers"]
[WhiteFideId "3208923"]
[BlackFideId "45042632"]
[EventDate "2019.01.08"]

1. e4 e5 2. Nf3 Nc6 3. Bb5 a6 4. Bxc6 dxc6 5. O-O f6 6. d4 Bg4 7. dxe5 Qxd1 8.
Rxd1 fxe5 9. Nbd2 O-O-O 10. Re1 Bd6 11. h3 Bh5 12. g4 Bg6 13. Nc4 Re8 14. Nh4
Nf6 15. Nxg6 hxg6 16. Kg2 b5 17. Nd2 Rhf8 18. Nf3 Nd7 19. Re2 Nc5 20. Nh4 Re6
21. b3 Be7 22. Nf3 Bd6 23. Ng5 Ref6 24. Nh7 Ne6 25. Be3 Rh8 26. Nxf6 gxf6 27.
Rh1 g5 28. Kg3 Rh4 29. Rd2 b4 30. Rc1 Nf4 31. Rh1 Ne6 32. Rd3 Nd4 33. Bxd4 exd4+
34. Kg2 c5 35. Rf1 Kd7 36. f4 gxf4 37. Rdf3 Ke6 38. Rxf4 Be5 39. Rf5 Rh8 40. Rh1
a5 41. h4 a4 42. Kf3 axb3 43. axb3 Ra8 44. h5 c4 45. bxc4 Ra3+ 46. Kg2 Rg3+ 47.
Kf2 Rxg4 48. h6 Rg8 49. h7 Rh8 50. Ke2 Kf7 51. Rfh5 Kg6 52. R5h4 Kg5 53. Kf3 c5
54. Rg4# 1-0

[Event "PRO League Group Stage"]
[Site "chess.com INT"]
[Date "2019.01.23"]
[Round "3"]
[White "Hong, Andrew"]
[Black "Yu, Jason"]
[Result "1/2-1/2"]
[WhiteTitle "FM"]
[WhiteElo "2390"]
[BlackElo "2081"]
[WhiteTeam "San Francisco Mechanics"]
[BlackTeam "Seattle Sluggers"]
[WhiteFideId "2099438"]
[BlackFideId "30907624"]
[EventDate "2019.01.08"]

1. e4 e5 2. Nf3 Nc6 3. Bb5 a6 4. Ba4 Nf6 5. O-O b5 6. Bb3 Bc5 7. a4 Bb7 8. Re1
d6 9. c3 Bb6 10. d4 h6 11. Be3 Ng4 12. Bd5 Nxe3 13. fxe3 O-O 14. Qd3 bxa4 15.
Nbd2 Qe8 16. Rxa4 exd4 17. exd4 Ne5 18. Qc2 Nxf3+ 19. Nxf3 Bxd5 20. exd5 Qd7 21.
Raa1 a5 22. Nd2 Rfe8 23. Qd3 c6 24. dxc6 Qxc6 25. Nc4 d5 26. Ne5 Qd6 27. Kh1 a4
28. Qb5 Bc7 29. Qf1 f6 30. Nf3 Re4 31. g3 Rae8 32. Rxa4 Rxe1 33. Nxe1 Qe6 34.
Ra1 Qe3 35. Nf3 Qe2 36. Qxe2 Rxe2 37. Rb1 Rc2 38. Ne1 Re2 39. Nd3 h5 40. Nb4 h4
41. Nxd5 Bb8 42. Nf4 Rc2 43. Re1 g5 44. Re8+ Kf7 45. Rxb8 gxf4 46. gxf4 h3 47.
Kg1 Rg2+ 48. Kf1 Rxh2 49. b4 Rc2 50. Kg1 Rxc3 51. b5 Ke6 52. b6 Rb3 53. b7 Kd7
54. Kh2 Kc7 55. Rf8 Kxb7 56. Rxf6 Rd3 57. d5 Kc7 58. Rg6 Kd7 59. d6 Rxd6 60.
Rg7+ Ke6 61. Kxh3 Kf5 62. Rf7+ Rf6 63. Rxf6+ Kxf6 64. Kg4 Kg6 65. f5+ Kf6 66.
Kf4 Kf7 67. Kg5 Kg7 68. f6+ Kf7 69. Kf5 Kf8 70. Ke5 Kf7 71. Kf5 Kf8 72. Kg6 Kg8
73. Kg5 Kf7 74. Kf5 Kf8 75. Ke6 Ke8 76. f7+ Kf8 77. Kf6 1/2-1/2

[Event "PRO League Group Stage"]
[Site "chess.com INT"]
[Date "2019.01.23"]
[Round "3"]
[White "Jirasek, Ladia"]
[Black "Tiglon, Bryce"]
[Result "0-1"]
[WhiteTitle "FM"]
[BlackTitle "IM"]
[WhiteElo "2376"]
[BlackElo "2390"]
[WhiteTeam "San Francisco Mechanics"]
[BlackTeam "Seattle Sluggers"]
[WhiteFideId "2094398"]
[BlackFideId "2087456"]
[EventDate "2019.01.08"]

1. e4 c5 2. Nf3 d6 3. d4 cxd4 4. Nxd4 Nf6 5. Nc3 a6 6. Bg5 e6 7. f4 h6 8. Bh4
Qb6 9. a3 Be7 10. Bf2 Qc7 11. Qf3 Nbd7 12. O-O-O b5 13. g4 g5 14. h4 gxf4 15.
Be2 Bb7 16. g5 Ne5 17. Qxf4 hxg5 18. hxg5 Rxh1 19. Rxh1 Nfd7 20. Rh8+ Nf8 21.
Bh5 O-O-O 22. Kb1 Nfg6 23. Rxd8+ Qxd8 24. Bxg6 Bxg5 25. Qg3 Nxg6 26. Ncxb5 axb5
27. Nxb5 Bf4 28. Qb3 Kd7 29. Nd4 Bxe4 30. Qa4+ Ke7 31. Nxe6 Bxc2+ 32. Qxc2 Kxe6
33. Qe4+ Be5 34. a4 Qb8 35. Qg4+ Ke7 36. Qg5+ Ke8 37. Qd2 Nf4 38. a5 Qb5 39. Be3
Nd3 40. a6 Qxa6 0-1

[Event "PRO League Group Stage"]
[Site "chess.com INT"]
[Date "2019.01.23"]
[Round "3"]
[White "Xiong, Jeffery"]
[Black "Bai, Jinshi"]
[Result "1-0"]
[WhiteTitle "GM"]
[BlackTitle "GM"]
[WhiteElo "2672"]
[BlackElo "2572"]
[WhiteTeam "Dallas Destiny"]
[BlackTeam "Chengdu Pandas"]
[WhiteFideId "2047640"]
[BlackFideId "8602280"]
[EventDate "2019.01.08"]

1. d4 Nf6 2. c4 g6 3. Nc3 d5 4. cxd5 Nxd5 5. Na4 e5 6. e4 Bb4+ 7. Bd2 Bxd2+ 8.
Qxd2 Nf6 9. Nf3 Nxe4 10. Qe3 Qd5 11. Nxe5 O-O 12. Bc4 Qa5+ 13. Nc3 Nd6 14. Bb3
Nd7 15. O-O Nf5 16. Qf4 Nxe5 17. dxe5 c6 18. Ne4 Qd8 19. Nf6+ Kg7 20. Rad1 Qe7
21. g4 Nh6 22. Rd3 Ng8 23. Rh3 h5 24. Rxh5 1-0

[Event "PRO League Group Stage"]
[Site "chess.com INT"]
[Date "2019.01.23"]
[Round "3"]
[White "Stremavicius, Titas"]
[Black "He, Anthony"]
[Result "0-1"]
[WhiteTitle "IM"]
[BlackTitle "FM"]
[WhiteElo "2456"]
[BlackElo "2265"]
[WhiteTeam "Dallas Destiny"]
[BlackTeam "Chengdu Pandas"]
[WhiteFideId "12804444"]
[BlackFideId "2088215"]
[EventDate "2019.01.08"]

1. d4 Nf6 2. c4 g6 3. Nc3 d5 4. Nf3 Bg7 5. Bg5 Ne4 6. cxd5 Nxg5 7. Nxg5 e6 8.
Nf3 exd5 9. e3 O-O 10. Rc1 Be6 11. Be2 Nd7 12. O-O a5 13. Na4 c6 14. Qb3 Rb8 15.
a3 Re8 16. Qc3 Ra8 17. h3 Bf8 18. Nc5 Nxc5 19. dxc5 a4 20. Nd4 Bd7 21. Qb4 b5
22. Bd3 Bg7 23. Rfe1 Qh4 24. Nxc6 Qxb4 25. Nxb4 Bxb2 26. Rc2 Bxa3 27. Nxd5 Bc6
28. Nf6+ Kg7 29. Nxe8+ Rxe8 30. Ra2 b4 31. f4 Bd5 32. Raa1 Rc8 33. Bb5 Rxc5 34.
Bxa4 Be4 35. Bd1 Bb2 36. Ra4 Bc3 37. Rf1 Bd3 38. Rf2 Be1 39. Be2 Bxf2+ 40. Kxf2
Rc2 41. Rxb4 Bxe2 42. g3 Bg4+ 43. Ke1 Bxh3 44. Kd1 Rg2 45. e4 Rxg3 46. e5 h5 47.
Ke1 Bf5 48. Kf2 Rd3 49. Ke2 h4 50. Kf2 Rd2+ 51. Kf3 h3 52. Rc4 Rc2 53. Ra4 h2
54. Ra1 Kh6 55. Rh1 Kh5 56. Kg3 Be4 0-1

[Event "PRO League Group Stage"]
[Site "chess.com INT"]
[Date "2019.01.23"]
[Round "3"]
[White "Zhao, Jun"]
[Black "Harmon-Vellotti, Luke"]
[Result "1/2-1/2"]
[WhiteTitle "GM"]
[BlackTitle "IM"]
[WhiteElo "2610"]
[BlackElo "2455"]
[WhiteTeam "Chengdu Pandas"]
[BlackTeam "Dallas Destiny"]
[WhiteFideId "8602522"]
[BlackFideId "2030012"]
[EventDate "2019.01.08"]

1. e4 e6 2. d4 d5 3. e5 c5 4. c3 Nc6 5. Nf3 Qb6 6. a3 c4 7. Nbd2 Na5 8. Be2 Bd7
9. O-O Ne7 10. Re1 Nc8 11. Rb1 Qc7 12. Nf1 Nb6 13. Bf4 O-O-O 14. Qc1 Kb8 15. h4
Ka8 16. Bh2 Be7 17. Qf4 Rdf8 18. Qg3 Rhg8 19. Ne3 Qd8 20. Qh3 f6 21. Bg3 f5 22.
Bf4 h6 23. h5 g5 24. hxg6 Rxg6 25. g3 Bg5 26. Ng2 Rfg8 27. Bd1 Qe7 28. Kf1 Bb5
29. Ng1 Nb3 30. Bc2 Ba4 31. Re2 R6g7 32. Rd1 Nd7 33. Be3 Qf7 34. Nf4 Nf8 35. Nh5
Rh7 36. Nf3 Nd7 37. Bf4 Bd8 38. Rde1 Re8 39. Kg2 Rhh8 40. Nf6 Nxf6 41. exf6 Bxf6
42. Be5 Bd7 43. Bxb3 cxb3 44. Bxf6 Qxf6 45. Qh4 Qxh4 46. Nxh4 Rhg8 47. Kf3 f4
48. Kxf4 Rgf8+ 49. Ke3 Bb5 50. Ng6 Rf6 51. Ne5 Bxe2 52. Kxe2 b6 53. Rh1 Kb7 54.
Ke3 Rg8 55. Rh4 Kc7 56. Ng4 Rfg6 57. Ne5 Rf6 58. Ng4 Rfg6 59. Ne5 Rf6 1/2-1/2

[Event "PRO League Group Stage"]
[Site "chess.com INT"]
[Date "2019.01.23"]
[Round "3"]
[White "Xu, Xiangyu"]
[Black "Wheeler, Cameron"]
[Result "1-0"]
[WhiteTitle "GM"]
[BlackTitle "IM"]
[WhiteElo "2567"]
[BlackElo "2417"]
[WhiteTeam "Chengdu Pandas"]
[BlackTeam "Dallas Destiny"]
[WhiteFideId "8608288"]
[BlackFideId "2060531"]
[EventDate "2019.01.08"]

1. Nf3 d5 2. g3 Nf6 3. Bg2 c6 4. O-O Bf5 5. d3 h6 6. c4 e6 7. cxd5 exd5 8. Qb3
Qb6 9. Qc2 Nbd7 10. Nc3 Be7 11. e4 dxe4 12. dxe4 Bh7 13. Be3 Qa6 14. h3 O-O 15.
Nd4 Rfe8 16. Rfe1 Bb4 17. f3 Ne5 18. Rad1 Nd5 19. Bf2 Nxc3 20. bxc3 Bc5 21. f4
Nc4 22. Qe2 Qa4 23. e5 Rad8 24. Kh2 Bb6 25. g4 g5 26. Bg3 Bc7 27. fxg5 Bxe5 28.
Bxe5 Rxe5 29. Qf2 c5 30. Qf6 Rd6 31. Nf5 Rxf5 32. gxf5 Rxf6 33. gxf6 Bxf5 34.
Rd5 Qc2 35. Rxf5 Qxc3 36. Re8+ Kh7 37. Be4 Nd6 38. Rg5+ Nxe4 39. Rg7# 1-0

[Event "PRO League Group Stage"]
[Site "chess.com INT"]
[Date "2019.01.23"]
[Round "3"]
[White "Dreev, Aleksey"]
[Black "Corrales Jimenez, Fidel"]
[Result "1-0"]
[WhiteTitle "GM"]
[BlackTitle "GM"]
[WhiteElo "2670"]
[BlackElo "2559"]
[WhiteTeam "San Diego Surfers"]
[BlackTeam "Minnesota Blizzard"]
[WhiteFideId "4100107"]
[BlackFideId "3506690"]
[EventDate "2019.01.08"]

1. d4 Nf6 2. Nf3 g6 3. g3 Bg7 4. Bg2 O-O 5. O-O d5 6. c4 c6 7. Qb3 a5 8. Bf4 a4
9. Qb4 dxc4 10. Qxc4 Qa5 11. h3 Be6 12. Qc1 Rd8 13. Na3 Na6 14. Be5 Nb4 15. Nc4
Qb5 16. b3 axb3 17. axb3 Rxa1 18. Qxa1 Bxc4 19. bxc4 Qxc4 20. Qa5 Re8 21. Rb1
Nbd5 22. e3 b5 23. Qa1 Qa4 24. Nd2 Qxa1 25. Rxa1 Nd7 26. Bxg7 Kxg7 27. Nb3 N7b6
28. Ra6 Ra8 29. Rxa8 Nxa8 30. Na5 Nab6 31. Nxc6 b4 32. Na5 Nc3 33. Kf1 Kf6 34.
Ke1 h5 35. Kd2 g5 36. Bf3 h4 37. gxh4 gxh4 38. Kd3 Nb5 39. Bg2 Nd6 40. e4 e5 41.
f4 exf4 42. e5+ Ke6 43. exd6 Na4 44. d7 Ke7 45. Nc6+ Kxd7 46. Nxb4 Kd6 47. Ke4
Nc3+ 48. Kxf4 Nb5 49. Nc2 Nc3 50. Bf3 f6 51. Ne3 Ke6 52. Nf5 Nb5 53. d5+ Kf7 54.
Bh5+ Kf8 55. d6 Na7 56. d7 Nc6 57. Ke4 Nd8 58. Kd5 Kg8 59. Nxh4 f5 60. Nxf5 Kf8
61. Bg6 1-0

[Event "PRO League Group Stage"]
[Site "chess.com INT"]
[Date "2019.01.23"]
[Round "3"]
[White "Bryant, John Daniel"]
[Black "Flores Rios, Mauricio"]
[Result "1-0"]
[WhiteTitle "IM"]
[BlackTitle "GM"]
[WhiteElo "2449"]
[BlackElo "2529"]
[WhiteTeam "San Diego Surfers"]
[BlackTeam "Minnesota Blizzard"]
[WhiteFideId "2031280"]
[BlackFideId "3408027"]
[EventDate "2019.01.08"]

1. e4 c5 2. c3 Nf6 3. e5 Nd5 4. Nf3 e6 5. d4 cxd4 6. cxd4 d6 7. Bc4 Nc6 8. Qe2
Be7 9. O-O O-O 10. Re1 Bd7 11. Nc3 Nxc3 12. bxc3 dxe5 13. dxe5 Qa5 14. Rb1 Qc7
15. Qe4 Rfd8 16. Ng5 g6 17. Qh4 h5 18. Qg3 Nd4 19. cxd4 Qxc4 20. Qf4 Rf8 21. Rb3
Bc6 22. Rg3 Qc2 23. Nh3 Rad8 24. Be3 Rfe8 25. Qh6 Bf8 26. Qxh5 Bg7 27. Qh4 Qe4
28. Rg4 Qf5 29. Ng5 Qc2 30. Nh7 Rd5 31. Nf6+ Bxf6 32. Qxf6 Qf5 33. Qh4 Rb5 34.
h3 Rb1 35. Rxb1 Qxb1+ 36. Kh2 Qf5 37. Bg5 Qxg5 38. Qxg5 Bd5 39. Rh4 1-0

[Event "PRO League Group Stage"]
[Site "chess.com INT"]
[Date "2019.01.23"]
[Round "3"]
[White "Tang, Andrew"]
[Black "Sheng, Joshua"]
[Result "1-0"]
[WhiteTitle "GM"]
[BlackTitle "IM"]
[WhiteElo "2487"]
[BlackElo "2451"]
[WhiteTeam "Minnesota Blizzard"]
[BlackTeam "San Diego Surfers"]
[WhiteFideId "2059630"]
[BlackFideId "2057360"]
[EventDate "2019.01.08"]

1. d4 Nf6 2. Nf3 g6 3. Bf4 Bg7 4. e3 d6 5. h3 O-O 6. Be2 c5 7. c3 Be6 8. O-O Qb6
9. Na3 Nc6 10. Ng5 Qxb2 11. Nxe6 fxe6 12. Nc4 Qxc3 13. Rc1 Nd5 14. Rxc3 Nxc3 15.
Qd2 cxd4 16. Bg4 e5 17. Bg3 b5 18. exd4 exd4 19. Be6+ Kh8 20. Nb2 d5 21. Re1
Rad8 22. Bc7 Ne4 23. Qc2 1-0